000 00691cam a22002413a 4500
001 2328
003 PGUSA
005 20140828083013.0
008 000901s2000||||xxu|||||s|||||000 1 eng d
040 _aPGUSA
_beng
042 _adc
050 4 _aPS
100 1 _aCooper, James Fenimore,
_d1789-1851
245 1 4 _aThe Lake Gun
_h[electronic resource] /
_cJames Fenimore Cooper
260 _bProject Gutenberg,
_c2000
506 _aPublic domain in the USA.
516 _aElectronic text
653 _aSeneca Lake (N.Y.) -- Fiction
653 _aCuriosities and wonders -- Fiction
830 0 _aProject Gutenberg
_v2328
856 4 0 _uhttp://www.gutenberg.org/ebooks/2328
942 _cEB
999 _c231665
_d231665